02251agaaa2200301 45000010005000000030009000050050017000140070009000310080040000400400023000800410013001031000047001161300032001632450211001952500022004062600124004283000034005525080223005865110080008095200713008895380016016025460013016186500066016317000069016977000056017667000059018227000068018818020IT-RoPAU20220918181230.0d cvaizq50131s9999||||xx ||| | || ||und|| aIT-RoPAUcIT-RoPAU aITALIANO aOldoini EnricogCodice regista SPICS: 3092 aDON MATTEO - PRIMA STAGIONE aDON MATTEO - PRIMA STAGIONEcProdotto da: Jacchia A -- Sceneggiatura: Bencivenni Alessandro Saverni Domenico -- Diretto da: Oldoini EnricopDON MATTEO - PRIMA STAGIONE (Rif. Codice opera principale : H8020) aEdizione Standard a(ITALIA)bLUX VIDE - RAI FICTION / Distribuzione: MULTIMEDIA SAN PAOLOg"2000 (1° ed.: 2007 ; Ed. Lingua Orig.: 2000)" aDVDbsonoro, col.c800 minuti a"Fotografia: Lucci Fabrizio; Montaggio: Crociani Raimondo; Musica: Donaggio Pino; Sceneggiatura: Bencivenni Alessandro Saverni Domenico; Scenografia: Rizzato Marisa; Soggetto: Bencivenni Alessandro -- Saverni Domenico" a"Hill Terence; Insinna Flavio; Frassica Nino; Guelta' Natalie; Gori Evelin" a"COFANETTO CONTENENTE 4 DVD CON GLI EPISODI DELLA PRIMA SERIE DELLA FORTUNATA FICTION DELLA RAI. EPISODI: LO STRANIERO; UNA BANALE OPERAZIONE; IL CORAGGIO DI PARLARE; LA MELA MARCIA; LA ROSA ANTICA; ANNA; AMORE SENZA FINE; QUESTIONE DI FIUTO; L'ATTORE; IL RICATTO; LA STRATEGIA DELLO SCORPIONE; STATODI EBBREZZA; IL PICCOLO ANGELO; IN ATTESA DI GIUDIZIO; L'ASTA DI BENEFICIENZA; DELITTO ACCADEMICO. DETECTIVE AL SERVIZI DI DIO: QUESTO E' DON MATTEO,NON UN SACERDOTE QUALUNQUE MA UN EX MISSIONARIO DAL TALENTO UN PO' SPECIALE. INFATTI POSSIEDE UNO STRAORDINARIO INTUITO CHE, UNITO ALLA SUA PROFONDA CONOSCENZA DELL'ANIMO UMANO, FA SI CHE SI ORIENTI CON SUCCESSO ANCHE NEI PIU' TORTUOSI MEANDRI DEL DELITTO..." aPAL, STEREO aITALIANO aCOMMEDIA - GIALLOeDVD-FILM [DVD]xCodice MATERIA SPICS: 9947 aBencivenni Alessandro e(soggetto)gCodice Soggetto SPICS: 11783 aDonaggio Pinoe(musica)gCodice Musica SPICS: 13658 aOldoini Enrico e(regista)gCodice regista SPICS: 3092 aSaverni Domenico e(soggetto)gCodice Soggetto 2° SPICS: 58073